| 000 | 00479nam a22001697a 4500 | ||
|---|---|---|---|
| 005 | 20260202160421.0 | ||
| 008 | 260202b |||||||| |||| 00| 0 eng d | ||
| 020 | _a978-1-292-09666613-1 | ||
| 100 | _aSOMMERVILLE, IAN | ||
| 245 | _aSOFTWARE ENGINEERING | ||
| 250 | _a10TH ED | ||
| 260 |
_aESSEX _bPEARSON EDUCATION _c2016 |
||
| 300 | _a810P | ||
| 500 | _aINCLUDES AUTHOR INDEX | ||
| 650 | _a1, SOFTWARE ENGINEERING 2. COMPUTER SOFTWARE 3. SYSTEMS DESIGN | ||
| 942 |
_2lcc _cBK |
||
| 999 |
_c216509 _d216509 |
||